000 00917nas a2200313 4500
001 BR2012001707
003 BR-BrBNA
005 20231205120310.0
007 ta
008 230509b bl.|||p| |||| 00| 00por d
040 _aBR-BrBNA
_bpor
_cBiblioteca Nacional de Agricultura
041 _a(Pt)
072 _aL72; L73
100 1 _aCasso, D.M.S.
100 1 _aSandoval, G.A.F.
100 1 _aHenrique, C.H.
100 1 _aGil, P.C.N.
100 1 _aOrtolan, M.D.D.V.
245 1 _aControle integrado da Stomoxys calcitrans (mosca dos estábulos)
650 _aMOSCA DOS ESTÁBULOS
650 _aPRAGA DE ANIMAL
650 _aBOVINO
650 _aPERDA
650 _aPRODUÇÃO ANIMAL
650 _aCONTROLE INTEGRADO
773 0 _tA Hora Veterinária (Brazil)
_xISSN 0101-9163
_g(Mar-Apr 2010), v. 29(174) p. 9-11
_wBR2012001707
909 _a202311
_bLúcia
_c55
_dLúcia Elande
942 _2AGRIS
_n0
_cANA
999 _c217814
_d217814